| 000 | 00733cam a2200265 4500 | ||
|---|---|---|---|
| 008 | 090401t1999 xxu||||| |||| 00| 0 eng d | ||
| 020 | _a0946691630 | ||
| 035 | _a(Sirsi) u92351 | ||
| 041 | _aeng | ||
| 050 | _a693.5 | ||
| 110 |
_aConcrete Society _92612 |
||
| 245 | _aAlkali-silica reaction : minimising the risk of damage to concrete : guidance notes and model clauses for specifications. | ||
| 250 | _a3rd ed. | ||
| 260 |
_aSlough _bConcrete Society _c1999 |
||
| 300 | _a72p. ; 30cm. | ||
| 350 | _a103.5 | ||
| 490 |
_aTechnical report _v30 |
||
| 650 | _aALKALI | ||
| 650 | _aALKALI SILICA REACTION | ||
| 650 | _aCEMENT | ||
| 650 | _aCONCRETE | ||
| 690 | _aBUILT ENVIRONMENT | ||
| 942 | _n0 | ||
| 948 | _c24/03/1999 | ||
| 999 |
_c97742 _d97742 |
||